04770nam a22004815i 4500999001700000006001800017007001500035008004100050020003500091072001600126072002300142072001500165082001500180245012500195250001800320260002700338300006600365505230100431520062002732650001103352650001503363650003403378650002403412650001803436650001103454650002303465650002703488650002003515700008403535700007703619700008003696700008603776700007603862710003403938773002603972776003603998776003604034776003604070856004604106942001304152950005904165950006404224 c26866d26866a|||||o|||| 00| 0cr nn 008mamaa180628s2019 sz | s |||| 0|eng d a9783319907789qOnline Resource 7aRBK2bicssc 7aSCI0390002bisacsh 7aRBK2thema04a551.4822310aExemplary Practices in Marine Science Educationh[electronic resource] :bA Resource for Practitioners and Researchers / a1st ed. 2019. aLondonbSpringerc2019 aXXV, 452 p. 104 illus., 77 illus. in color.bonline resource.0 a1. Ocean Literacy in the 21st Century -- 2. An Exemplar Model for Expanding Development Reach -- Part I Research -- 3. ¡Youth & the Ocean! (¡YO!): Partnering High School and Graduate Students for Youth-Driven Research Experiences -- 4. Leveraging Parent Chaperones to Support Youths’ Learning During an Out-of-School Field Trip to a Marine Science Field Station -- 5. Systematic and Longitudinal Research to Support and Improve the National Ocean Sciences Bowl: Finding from Seventeen Years of Study -- 6. Leveraging Ocean Identity in Education to Impact Students’ Conservation Practices -- 7. Evaluating Differences in Outcomes and Participant Perspectives in Marine Science Professional Development Conducted by Informal Educators Compared to Specialized University Faculty -- 8. Implementing Ocean Literacy through the Bond of Informal and Formal Education -- 9. Evaluating Ocean Learning – The Principles and Practicalities of Evaluating Formal Education Audiences in an Informal Education Environment -- 10. Effective Practices for Fostering Empathy towards Marine Life -- Part II Practitioner -- 11. Creating Marine Outreach Programmes that Work – The Marine Institute Explorers Education Programme™ -- 12. Marine Education through Cooperation: A Case Study of Opportunity in a Remote School in Taiwan -- 13. Educating with Data -- 14. Using International School Partnerships to Promote Ocean Literacy -- 15. Out of the Tower and into the Classroom: Marine Science Graduate Students as K-12 Classroom Contributors -- 16. The VIRTUE Project and the Biofilms and Biodiversity Project: An International Collaboration in Marine Science Education -- 17. Integrating Ocean Literacy in UK Curriculum-Led Field Courses -- 18. Building Capacity for Meaningful Watershed Educational Experiences -- 19. Going with/against the Flow: The Challenges of an Authentic Marine Science Education -- 20. Bring the Ocean to the Classroom - Introducing Experimental Studies to Teachers with Fair or no Science Knowledge -- 21. Closer to Blue -- 22. The Two Bays Project: A Model for Providing Multidisciplinary Approaches to Monitoring, Education, Engagement and Partnership Building -- 23. Citizen Science to Engage and Empower Youth in Marine Science -- 24. Empowering Young Ocean Conservationists. aThis edited volume is the premier book dedicated exclusively to marine science education and improving ocean literacy, aiming to showcase exemplary practices in marine science education and educational research in this field on a global scale. It informs, inspires, and provides an intellectual forum for practitioners and researchers in this particular context. Subject areas include sections on marine science education in formal, informal and community settings. This book will be useful to marine science education practitioners (e.g. formal and informal educators) and researchers (both education and science). 0aWater. 0aHydrology. 0aScience—Study and teaching. 0aPhysical geography. 0aOceanography.14aWater.24aScience Education.24aEarth System Sciences.24aOcean Sciences.1 aFauville, Géraldine.eeditor.4edt4http://id.loc.gov/vocabulary/relators/edt1 aPayne, Diana L.eeditor.4edt4http://id.loc.gov/vocabulary/relators/edt1 aMarrero, Meghan E.eeditor.4edt4http://id.loc.gov/vocabulary/relators/edt1 aLantz-Andersson, Annika.eeditor.4edt4http://id.loc.gov/vocabulary/relators/edt1 aCrouch, Fiona.eeditor.4edt4http://id.loc.gov/vocabulary/relators/edt2 aSpringerLink (Online service)0 tSpringer Nature eBook08iPrinted edition:z978331990777208iPrinted edition:z978331990779608iPrinted edition:z978303008097640uhttps://doi.org/10.1007/978-3-319-90778-9 2ddccEBK aEarth and Environmental Science (SpringerNature-11646) aEarth and Environmental Science (R0) (SpringerNature-43711)